| 000 | 01231nam a2200349 4500 | ||
|---|---|---|---|
| 001 | 211 | ||
| 003 | OSt | ||
| 005 | 20250902094929.0 | ||
| 008 | 250203b |||||||g |||| 00| 1 eng d | ||
| 020 | _a8506039398 | ||
| 040 | _bpor | ||
| 041 |
_heng _apor |
||
| 082 |
_a028.5 _bD754sm |
||
| 100 | 1 |
_aDoyle, Arthur Conan, _d1859-1930 _9388 |
|
| 240 | _aThe adventures of Sherlock Holmes | ||
| 245 |
_aSherlock Holmes: _b O mistério do Vale Boscombe e outras aventuras / _cDoyle, Arthur Conan ; Tradução de Antonio Carlos Vilela |
||
| 260 |
_aSão Paulo _bMelhoramentos _c2003 |
||
| 300 | _a125 p. | ||
| 520 | _aSeis histórias com o genial Sherlock Holmes: O mistério do vale Boscombe, Um escândalo na Boêmia, A liga dos cabeça vermelha, Um caso de identidade. As cinco sementes de laranja e O homem do lábio torcido | ||
| 650 | 0 |
_aLiteratura Inglesa _989 |
|
| 650 | 0 |
_aAdaptação _9788 |
|
| 650 | 0 |
_aCrime e Investigação _913 |
|
| 650 | 0 |
_aRomance Policial _911 |
|
| 650 | 0 |
_aSuspense _910 |
|
| 650 | 0 |
_aMistério _942 |
|
| 650 | 0 |
_aClássicos _977 |
|
| 650 | 0 |
_aFilme _926 |
|
| 655 | 0 |
_aRomance _923 |
|
| 655 | 0 |
_aFicção _922 |
|
| 700 | 1 |
_aVilela, Antonio Carlos, _d1966- _eTradutor _91015 |
|
| 942 |
_2ddc _n0 _cBK |
||
| 999 |
_c211 _d211 |
||